000 00713nam a2200181 a 4500
001 586
003 CO-ViMGA
008 141112s2004 ck r 000 u spa d
040 _aCO-ViMGA
_bspa
_cCO-ViMGA
082 0 4 _a638.1 U767
100 1 _aUrosa, Fernando
_948436
245 1 0 _aLa apicultura y sus bondades
260 _aCaracas :
_bAmérica,
_c1987
300 _a92 p : il
505 _aLa abeja y sus parientes Organización social; Actividades dentro de la colmena 19 - - Inicio de la industria apícola Construcción de la colmena moderna 25 - - Organización de la explotación apícola 45 - - Enjambrazón 49 - - epoca de recolección de la miel o cosecha 55
650 1 4 _aAPICULTURA
942 _2ddc
_cBK
999 _c12827
_d12827